Statistics for Juventus Players at Continental Cups (No Euro)

Click here to take the quiz!

General Stats

  • This quiz has been taken 85 times
    (3 since last reset)
  • The average score is 18 of 22

Answer Stats

CompetitionTeamAnswer% Correct
2019 Copa AmericaBrazilAlex Sandro
100%
2021 Copa AmericaBrazilAlex Sandro
100%
2015 Copa AmericaChileArturo Vidal
100%
2024 Copa AmericaBrazilBremer
100%
2015 Copa AmericaArgentinaCarlos Tevez
100%
2024 Copa AmericaBrazilDanilo
100%
2021 Copa AmericaBrazilDanilo
100%
2021 Copa AmericaColombiaJuan Cuadrado
100%
2019 Copa AmericaColombiaJuan Cuadrado
100%
2016 Copa AmericaColombiaJuan Cuadrado
100%
2017 African CupMoroccoMedhi Benatia
100%
2019 Copa AmericaArgentinaPaulo Dybala
100%
2019 Copa AmericaUruguayRodrigo Bentancur
100%
2021 Copa AmericaUruguayRodrigo Bentancur
100%
2013 African CupGhanaKwadwo Asamoah
67%
2017 African CupGabonMario Lemina
67%
2019 Copa AmericaUruguayMartin Caceres
67%
2015 Copa AmericaArgentinaRoberto Pereyra
67%
2004 Asian CupUzbekistanIlyos Zeytulayev
33%
2010 African CupMaliMohamed Sissoko
33%
2004 Copa AmericaUruguayPaolo Montero
33%
2000 African CupNigeriaSunday Oliseh
33%

Score Distribution

Percentile by Number Answered

Percent of People with Each Score

Your Score History

You have not taken this quiz since the last reset